00186nam a2200073 a 450000500170000000800410001705000180005824500360007620140414093828.0970101s19uu xx 00 eng d aVHS 700bR 12 a9th South Pacific Games - NTSC.